Ultimate Rainbow Six Siege Quiz - Statistics

General Stats
  • This quiz has been taken 164 times
  • The average score is 10 of 27
Answer Stats
Clue Answer % Correct
What is the Magazine size of the 6P41 Spetsnaz LMG? 100
67%
How many 2 or 1 armor operators have access to ACOG's on defense? 0
66%
What is the first operator on Defense to have a shield primary? Clash
64%
What class of Alpha Pack can you get the Black Ice skins in? Epic
61%
What is the other Assault Rifle Thatcher has access to besides the L85A2? AR33
60%
Which defense OP was released with Blood Orchid? Lesion
60%
How many shock darts did the Twitch Drone have pre nerf? 15
59%
Which OP is the thiccccest? IQ
49%
What is the animal based skin you get for free in the Uplay Club? Elephant
45%
Which OP conjures fire during their elite set MVP winning animation? Thermite
43%
What was Black Beards face shield HP pre nerf? 800
41%
What was the nickname of Frost's Shotgun pre nerf? Sniper 90
41%
What is the next map to be reworked? Hereford Base
40%
What is the name of Valkyrie's elite set? War Photographer
39%
Which OP is the most visually impaired? Capitao
37%
Besides the PMM what is the Spetsnaz other pistol choice? GSh-18
34%
Which map was recently released as the first 'rework' to encourage more competitive play? Clubhouse
33%
Which map has the fewest standard cameras? Presidential Plane
32%
Year 1 Season 4 was Red Crow, what was the name of the season that preceded it? Skull Rain
32%
What is the amount of ELO you need to be Diamond? 4500
23%
Which gun has the highest DPS in the game? AK-12
21%
In what German City was the Year 2 Season 2 Pro League finals held? Cologne
17%
Who does Troy 'Canadian' play for in Pro League? Evil Geniuses
15%
What was the amount that it used to require to be Diamond? 6000
10%
Who was the operator 'Nesk' was playing when he 1v5'd on Oregon in Pro League? Valkyrie
10%
Name of an ex Pro League player whose favorite number is 4? Shaiiko
7%
What was Reddit's answer to countering Lion on release? Just stand still!
6%
No matching quizzes found
Score Distribution
Percent of People with Each Score
Percentile by Number Answered
Your Score History
You have not taken this quiz